Statistics for Apex Legends HARD

Click here to take the quiz!

General Stats

  • This quiz has been taken 21 times
  • The average score is 6 of 10

Answer Stats

HintAnswer% Correct
who was the first season release legend in the gameoctane
94%
which type of grenade resulted in octane losing his legsfrag grenade
82%
which season's battle pass had the reactive flatline skin at level 100 and 110season 4
82%
in which season was storm point launchedseason 11
76%
which gun has the largest ammo capacity without an extended magazinedevotion
71%
which is the tallest legendpathfinder
65%
which legends heirloom was first in the gamewraith's
41%
How many years was horizon trapped on the edge of a black hole87
35%
which ability results in the highest RUNNING speed in the gamewraith's portal
12%
how did lifeline and octane know each other before the gameslifeline produced octane's replacement legs
6%

Score Distribution

Percentile by Number Answered

Percent of People with Each Score

Your Score History

You have not taken this quiz